000 00410nam a22001697a 4500
003 MPLRDC
005 20220104172150.0
008 210129b ||||| |||| 00| 0 eng d
082 _a859.6 HAMI
100 _aJUDY HAMILTON RETOLD
245 _aTHE GINGERBREAD MAN
_c
250 _a初版
260 _a
_bTARANTULA BOOKS
_c1994
300 _b
650 _aCHILDREN LITERATURE
942 _cBK
_o859.6 HAMI
999 _c58802
_d58792